00577nam a2200169 a 450000100100000000500170001000800410002702000180006804000250008608200080011110000200011924501210013926000650026030000200032549000310034583000310037600003965220201002033648.0130715s2007 uy 000 0 spa d a9789974550322 aDO-SdBNPbspacBNPHU axxx1 aRemedi, Gustavo14aLos demonios de Ariel :bFuentes del imaginario popular uruguayo en la primera mitad del siglo xx /cGustavo Remedi. aMontevideo, Uruguay :bEdiciones Biblioteca Nacional,c2007. a57 p. ;c24 cm.1 aCuadernos de literaturav3 0aCuadernos de literaturav3